000
00276nam a2200121Ia 4500
008
241002s9999 xx 000 0 und d
082
_a
808.4 FRE
100
_a
Freud, Sigmund
245
0
_a
Leonardo Daningi
260
_a
New York:
_c
1963
600
_a
Literature
942
_c
UC
999
_c
18694
_d
18694